[Event "Staatsliga B/West"]
[Site "Jenbach"]
[Date "1998.11.28"]
[Round "3.1"]
[White "Gaertner, Guntram"]
[Black "Bachmayr, Peter"]
[Result "1/2-1/2"]
[WhiteElo "2340"]
[BlackElo "2375"]
[PlyCount "107"]
[EventDate "1998.10.17"]

1. d4 Nf6 2. c4 g6 3. Nc3 Bg7 4. e4 O-O 5. Be3 c5 6. d5 d6 7. h3 e6 8. dxe6
Bxe6 9. e5 dxe5 10. Bxc5 Re8 11. Qxd8 Rxd8 12. Nf3 Nc6 13. Ng5 Bf5 14. g4 Nd4
15. O-O-O Bd7 16. Be7 Bc6 17. Rg1 Rd7 18. Bxf6 Bxf6 19. Nge4 Bg7 20. g5 Rf8 21.
h4 Rc7 22. Kb1 f5 23. gxf6 Bxf6 24. h5 Rg7 25. hxg6 Rxg6 26. Rxg6+ hxg6 27. f4
Bg7 28. fxe5 Bxe5 29. Nd5 Kg7 30. Bg2 b5 31. Ne7 Bb7 32. cxb5 Rf7 33. Nc6 Nxc6
34. Ng5 Rf2 35. Rd7+ Kh6 36. Nf7+ Kh5 37. Nxe5 Nxe5 38. Rh7+ Kg5 39. Bxb7 Nc4
40. Bc6 Rxb2+ 41. Ka1 Rc2 42. a4 Kf6 43. Rxa7 Ke5 44. Rg7 Na5 45. Kb1 Rc4 46.
Be8 Rxa4 47. Rxg6 Rb4+ 48. Kc2 Kd4 49. Rg4+ Kc5 50. Rg5+ Kb6 51. Rg6+ Kc5 52.
Ra6 Rc4+ 53. Kd1 Rd4+ 54. Kc2 1/2-1/2

[Event "Staatsliga B/West"]
[Site "Jenbach"]
[Date "1998.11.28"]
[Round "3.3"]
[White "Amann, Guenter"]
[Black "Ferrari, Josef"]
[Result "1-0"]
[WhiteElo "2260"]
[BlackElo "2125"]
[PlyCount "78"]
[EventDate "1998.10.17"]

1. d4 d5 2. c4 e6 3. Nf3 c5 4. cxd5 exd5 5. g3 Nc6 6. Bg2 Nf6 7. O-O Be7 8. Nc3
O-O 9. Bg5 cxd4 10. Nxd4 h6 11. Bf4 a6 12. Qa4 Qb6 13. Be3 Bc5 14. Nxc6 bxc6
15. Bxc5 Qxc5 16. Rac1 Qb6 17. Qc2 Bg4 18. e3 Rfe8 19. h3 Bd7 20. Na4 Qa5 21.
Nc5 Be6 22. Nb3 Qa4 23. Nd4 Qa5 24. Nxc6 Qb6 25. Nd4 Rac8 26. Qb3 Qxb3 27. Nxb3
Rb8 28. Rfd1 Rb6 29. Rc7 Reb8 30. Ra7 Ne4 31. Bf1 Rc8 32. Bxa6 Rc2 33. Ra8+ Kh7
34. Bd3 Rxb2 35. f3 Bxh3 36. fxe4 Rg2+ 37. Kh1 Rf6 38. e5+ Rg6 39. Bxg6+ fxg6
1-0

[Event "Staatsliga B/West"]
[Site "Jenbach"]
[Date "1998.11.28"]
[Round "3.4"]
[White "Angerer, Helmut"]
[Black "Spiegel, Wilfried"]
[Result "1-0"]
[WhiteElo "2095"]
[BlackElo "2165"]
[PlyCount "89"]
[EventDate "1998.10.17"]

1. b3 d5 2. Bb2 c6 3. g3 Bf5 4. Nf3 Nd7 5. Bg2 Ngf6 6. c4 e6 7. O-O Bd6 8. d3
O-O 9. Re1 Qe7 10. Nh4 Bg4 11. Qd2 Rfd8 12. Bc3 a5 13. Qb2 b5 14. cxd5 cxd5 15.
Nd2 Ba3 16. Qb1 Rdc8 17. Bb2 Bb4 18. Qd1 Ra7 19. h3 Bh5 20. g4 Bg6 21. Rc1 Rac7
22. Rxc7 Rxc7 23. Nhf3 e5 24. Rf1 d4 25. a4 bxa4 26. bxa4 Nb6 27. Qb3 Nfd7 28.
Nc4 Nc5 29. Qa2 Nxc4 30. Qxc4 Nxa4 31. Qb5 Qd7 32. Qxd7 Rxd7 33. Nxe5 Rd6 34.
Rc1 Nc3 35. Kf1 Rd8 36. Nc6 Rd6 37. Ra1 Re6 38. Bf3 Nb5 39. Nxb4 h5 40. Rxa5
hxg4 41. hxg4 Rb6 42. Nd5 Rb8 43. Ra8 Rxa8 44. Ne7+ Kh7 45. Bxa8 1-0

[Event "Staatsliga B/West"]
[Site "Jenbach"]
[Date "1998.11.28"]
[Round "3.5"]
[White "Burschowsky, Matthias"]
[Black "Fuerlinger, Harald"]
[Result "1/2-1/2"]
[WhiteElo "2160"]
[BlackElo "2150"]
[PlyCount "82"]
[EventDate "1998.10.17"]

1. c4 e5 2. Nc3 Nf6 3. g3 g6 4. Bg2 Bg7 5. Nf3 d6 6. d3 O-O 7. O-O Nc6 8. Rb1
a5 9. a3 Bd7 10. b4 axb4 11. axb4 Qc8 12. b5 Nd4 13. Nxd4 exd4 14. Na4 Bh3 15.
c5 Bxg2 16. Kxg2 dxc5 17. Nxc5 Qf5 18. Qc2 Qd5+ 19. Kg1 Ra2 20. Qb3 Qxb3 21.
Rxb3 b6 22. Na6 Rxe2 23. Nxc7 Rc8 24. Bf4 g5 25. Bd6 Bf8 26. Bxf8 Rxc7 27. Bh6
Ng4 28. Bxg5 Rcc2 29. Kg2 f6 30. Bf4 Kf7 31. Rb4 Nxf2 32. Kf3 Nxd3 33. Rxd4
Nxf4 34. Kxf4 Rf2+ 35. Rxf2 Rxf2+ 36. Ke3 Rf5 37. Rb4 Rh5 38. h4 Rd5 39. Ke4
Ke6 40. g4 h5 41. Kf4 hxg4 1/2-1/2

[Event "Staatsliga B/West"]
[Site "Jenbach"]
[Date "1998.11.28"]
[Round "3.1"]
[White "Sermek, Drazen"]
[Black "Pilz, Dieter"]
[Result "1-0"]
[WhiteElo "2550"]
[BlackElo "2260"]
[PlyCount "113"]
[EventDate "1998.10.17"]

1. e4 c5 2. c3 e6 3. Nf3 Nf6 4. e5 Nd5 5. d4 cxd4 6. cxd4 b6 7. Bd3 Bb7 8. O-O
Be7 9. Nbd2 O-O 10. Ne4 f5 11. exf6 gxf6 12. Bh6 Rf7 13. Nc3 Bf8 14. Bd2 Rg7
15. Bc4 Ne7 16. d5 exd5 17. Bb3 Na6 18. Bh6 Rf7 19. Bxf8 Qxf8 20. Nxd5 Nxd5 21.
Bxd5 Bxd5 22. Qxd5 Nc7 23. Qf5 Ne6 24. Rad1 Re8 25. Rd5 Qb4 26. b3 Qc3 27. g3
Qc6 28. Rfd1 Ree7 29. Kg2 Kf8 30. h4 Ke8 31. R1d2 Qb7 32. b4 Qc6 33. a3 Kf8 34.
Kh2 Kg8 35. Rc2 Qb7 36. Rd1 Rf8 37. Kg2 Rg7 38. Rc4 Kh8 39. Rd5 Rgf7 40. Kh2
Re7 41. Rc3 Ref7 42. Nd2 Ng7 43. Qd3 f5 44. Nf3 f4 45. g4 Ne6 46. Ne5 Rg7 47.
Rxd7 Rxd7 48. Qxd7 Qxd7 49. Nxd7 Rd8 50. Rd3 Kg7 51. Kg2 Rc8 52. Kf3 Rc1 53.
Ke4 a5 54. Kf5 Nc7 55. Nf6 axb4 56. Rd7+ Kf8 57. Nxh7+ 1-0

[Event "Staatsliga B/West"]
[Site "Jenbach"]
[Date "1998.11.28"]
[Round "3.2"]
[White "Netolitzky, Gregor"]
[Black "Gross, David"]
[Result "1/2-1/2"]
[WhiteElo "2215"]
[BlackElo "2340"]
[PlyCount "80"]
[EventDate "1998.10.17"]

1. d4 Nf6 2. c4 g6 3. Nc3 Bg7 4. e4 d6 5. f4 O-O 6. Nf3 Na6 7. Bd3 e5 8. fxe5
dxe5 9. d5 c6 10. O-O cxd5 11. cxd5 h6 12. a3 Ne8 13. Be3 Nd6 14. Nd2 Nc7 15.
Rc1 Nce8 16. Nb5 Nxb5 17. Bxb5 Nd6 18. Bd3 h5 19. Nc4 Nb5 20. Nb6 Bg4 21. Qe1
axb6 22. Bxb5 f5 23. h3 f4 24. hxg4 fxe3 25. Qxe3 hxg4 26. Qg3 Bh6 27. Rc3 Qg5
28. d6 Rxf1+ 29. Bxf1 Rd8 30. Qd3 Bf8 31. Qd5+ Kh8 32. Qxb7 Rxd6 33. Qb8 Rf6
34. g3 Qd2 35. Bg2 Qd4+ 36. Kh2 g5 37. Rc6 Rxc6 38. Qxf8+ Kh7 39. Qe7+ Kh6 40.
Qf8+ Kh7 1/2-1/2

[Event "Staatsliga B/West"]
[Site "Jenbach"]
[Date "1998.11.28"]
[Round "3.3"]
[White "Kleissl, Helmut"]
[Black "Fischler, Wolfgang"]
[Result "1/2-1/2"]
[WhiteElo "2300"]
[BlackElo "2275"]
[PlyCount "99"]
[EventDate "1998.10.17"]

1. c4 Nf6 2. Nc3 g6 3. e4 d6 4. d4 Bg7 5. Bd3 O-O 6. Nge2 e5 7. d5 Nbd7 8. Bc2
a5 9. O-O Nc5 10. Rb1 Nh5 11. Be3 b6 12. Qd2 f5 13. exf5 gxf5 14. f4 e4 15. Nd4
Bd7 16. b3 Qe7 17. a3 Nf6 18. h3 Kh8 19. Ncb5 Ne8 20. b4 Nb7 21. Bb3 Bf6 22.
Qe2 Qg7 23. Kh1 Nd8 24. Rbd1 Rg8 25. Rd2 Qh6 26. c5 bxc5 27. bxc5 Rb8 28. a4
dxc5 29. Ne6 Nxe6 30. dxe6 Bc6 31. Rd7 Rg3 32. Rf7 Bxb5 33. axb5 Bd4 34. Bxd4+
cxd4 35. Qb2 Rd3 36. Bc4 Rc3 37. Be2 Nf6 38. Rf2 Rg8 39. e7 Ng4 40. Bxg4 fxg4
41. Qd2 Rd3 42. Qc2 Qe6 43. Rf8 Qxe7 44. Rxg8+ Kxg8 45. b6 g3 46. Rf1 cxb6 47.
Qc8+ Kf7 48. Qf5+ Kg7 49. Qg4+ Kf7 50. Qf5+ 1/2-1/2

[Event "Staatsliga B/West"]
[Site "Jenbach"]
[Date "1998.11.28"]
[Round "3.4"]
[White "Hengl, Christian"]
[Black "Kupfner, Franz"]
[Result "1/2-1/2"]
[WhiteElo "2180"]
[BlackElo "2160"]
[PlyCount "25"]
[EventDate "1998.10.17"]

1. e4 c5 2. Nc3 Nc6 3. g3 g6 4. Bg2 Bg7 5. d3 d6 6. f4 e6 7. Nf3 Nge7 8. O-O
O-O 9. Be3 Rb8 10. Qd2 Nd4 11. e5 Nxf3+ 12. Bxf3 b6 13. exd6 1/2-1/2

[Event "Staatsliga B/West"]
[Site "Jenbach"]
[Date "1998.11.28"]
[Round "3.5"]
[White "Schiestl, Josef"]
[Black "Kapferer, Romed"]
[Result "1/2-1/2"]
[WhiteElo "2195"]
[BlackElo "2080"]
[PlyCount "31"]
[EventDate "1998.10.17"]

1. e4 c6 2. d4 d5 3. Nd2 dxe4 4. Nxe4 Nf6 5. Nxf6+ gxf6 6. Nf3 Bg4 7. Be2 Qc7
8. c4 e6 9. Bd2 Nd7 10. Qb3 O-O-O 11. O-O-O Rg8 12. Rhe1 Bf5 13. g3 e5 14. Bd3
Bg4 15. Bxh7 Rh8 16. Bc2 1/2-1/2

[Event "Staatsliga B/West"]
[Site "Jenbach"]
[Date "1998.11.28"]
[Round "3.1"]
[White "Dir, Ulrich"]
[Black "Novkovic, Milan"]
[Result "1/2-1/2"]
[WhiteElo "2275"]
[BlackElo "2400"]
[PlyCount "101"]
[EventDate "1998.10.17"]

1. e4 Nf6 2. e5 Nd5 3. d4 d6 4. Nf3 g6 5. Ng5 dxe5 6. dxe5 f6 7. Bc4 c6 8. exf6
exf6 9. Qe2+ Be7 10. Ne4 O-O 11. Bh6 Re8 12. O-O f5 13. Re1 Be6 14. Nec3 Bf7
15. Qd2 Na6 16. Nxd5 cxd5 17. Bb5 Bf6 18. Bxe8 Bxe8 19. Nc3 d4 20. Ne2 Nc5 21.
Rad1 Qb6 22. Nxd4 Ne4 23. Qe3 Qxb2 24. f3 Nc5 25. Nb3 Nxb3 26. Qxb3+ Qxb3 27.
cxb3 Bc6 28. Be3 Kf7 29. Bd4 Bh4 30. Bf2 Be7 31. Bd4 a5 32. a4 Bb4 33. Re3 Rd8
34. Red3 b5 35. Bb6 Rxd3 36. Rxd3 bxa4 37. bxa4 Bxa4 38. Rd8 Bb5 39. Rc8 Bd7
40. Rc7 Ke6 41. Bc5 Bc3 42. Be3 Be5 43. Ra7 f4 44. Ra6+ Kf5 45. Bc5 g5 46. Kf2
h5 47. g3 fxg3+ 48. hxg3 Be8 49. Ra8 Bc6 50. Ra6 Bd7 51. Rxa5 1/2-1/2

[Event "Staatsliga B/West"]
[Site "Jenbach"]
[Date "1998.11.28"]
[Round "3.3"]
[White "Schmidlechner, Alexander"]
[Black "Poettinger, Harald"]
[Result "1-0"]
[WhiteElo "2155"]
[BlackElo "2270"]
[PlyCount "145"]
[EventDate "1998.10.17"]

1. d4 e6 2. c4 d5 3. Nc3 Be7 4. cxd5 exd5 5. Bf4 c6 6. e3 Bf5 7. Nf3 Nd7 8. Bd3
Bxd3 9. Qxd3 Ngf6 10. h3 O-O 11. O-O Re8 12. Rab1 a5 13. Qc2 Nb6 14. Na4 Ne4
15. Nxb6 Qxb6 16. Nd2 Bd6 17. Nxe4 Bxf4 18. Nc5 Bd6 19. Rfc1 Re7 20. a3 Bxc5
21. Qxc5 Qxc5 22. Rxc5 a4 23. Kf1 Kf8 24. Ke2 Ke8 25. Kd3 Kd7 26. Rbc1 Re6 27.
h4 f5 28. g3 g6 29. Ke2 Kd6 30. Kf3 Re4 31. R5c3 Ra6 32. Rc5 h6 33. R5c3 Rb6
34. R1c2 Rb5 35. Rc5 Rxc5 36. Rxc5 b6 37. Rc2 c5 38. Rd2 Kc6 39. Ke2 c4 40. Rc2
b5 41. Kd2 b4 42. axb4 Kb5 43. Kc3 g5 44. hxg5 hxg5 45. Rc1 f4 46. exf4 gxf4
47. g4 f3 48. Rg1 Re2 49. Rf1 a3 50. bxa3 Ra2 51. g5 Rxa3+ 52. Kc2 Ra2+ 53. Kc3
Ra3+ 54. Kb2 Kxb4 55. g6 Ra7 56. Rg1 Rg7 57. Kc2 Kb5 58. Kd2 Kc6 59. Ke3 Kd6
60. Kxf3 Ke6 61. Rg5 c3 62. Ke2 Kf6 63. Rxd5 Kxg6 64. Rd6+ Kf5 65. Kd3 Rg2 66.
Rd8 c2 67. Rf8+ Ke6 68. Kxc2 Rg1 69. f3 Kd5 70. Rd8+ Kc4 71. Kd2 Rh1 72. Ke3
Rh4 73. f4 1-0

[Event "Staatsliga B/West"]
[Site "Jenbach"]
[Date "1998.11.28"]
[Round "3.4"]
[White "Dorner, Guenther"]
[Black "Mittelberger, Peter"]
[Result "0-1"]
[WhiteElo "2085"]
[BlackElo "2230"]
[PlyCount "116"]
[EventDate "1998.10.17"]

1. e4 d6 2. d4 Nf6 3. Nc3 g6 4. Nf3 Bg7 5. g3 O-O 6. Bg2 a6 7. a4 b6 8. O-O Bb7
9. Re1 c5 10. d5 Nbd7 11. Nd2 Ne8 12. f4 Nc7 13. Nc4 b5 14. Na5 b4 15. Nxb7 Qb8
16. Nxc5 Nxc5 17. Ne2 Qb6 18. Kh1 Rac8 19. a5 Qb7 20. Nd4 Nb5 21. Nc6 Na7 22.
Nxa7 Qxa7 23. e5 Rc7 24. Bd2 Qb7 25. Re3 Rfc8 26. Qe1 Nd7 27. Ra4 Rxc2 28. Rxb4
Qc7 29. Bc3 dxe5 30. fxe5 Nxe5 31. Be4 Rxc3 32. Rxc3 Qd7 33. Rxc8+ Qxc8 34. Kg2
Bf6 35. h3 h5 36. Qc3 Qd8 37. Qc5 Kh7 38. Rb7 h4 39. gxh4 Qf8 40. h5 Qh6 41.
hxg6+ Nxg6 42. Qc2 Qg5+ 43. Kh1 Bd4 44. Bg2 Be5 45. Rb3 Qf4 46. Kg1 Qa4 47. Be4
Qxa5 48. Qe2 Qc7 49. Qc2 Qa5 50. Kg2 Qe1 51. Rf3 Kg7 52. Bxg6 fxg6 53. Qd3 Bxb2
54. Rg3 Kf8 55. Rxg6 Qe5 56. Rxa6 Qg5+ 57. Kf1 Bf6 58. Ra8+ Kg7 0-1

[Event "Staatsliga B/West"]
[Site "Jenbach"]
[Date "1998.11.28"]
[Round "3.5"]
[White "Novkovic, Julia"]
[Black "Heilinger, Dietmar"]
[Result "0-1"]
[WhiteElo "2135"]
[BlackElo "2180"]
[PlyCount "57"]
[EventDate "1998.10.17"]

1. e4 e6 2. Qe2 c5 3. f4 Nc6 4. Nf3 g6 5. Nc3 Nge7 6. d3 Bg7 7. Be3 Nd4 8. Qf2
Nec6 9. e5 d6 10. exd6 Qa5 11. Ng5 b5 12. Rc1 b4 13. Nce4 b3+ 14. Bd2 Nxc2+ 15.
Rxc2 bxc2 16. Qxc5 Qxc5 17. Nxc5 Bxb2 18. Nb3 Rb8 19. Nc1 O-O 20. g3 Nd4 21.
Bg2 Rd8 22. Ne4 Kg7 23. Kf2 f5 24. Ba5 Rf8 25. Nc3 Bd7 26. N3e2 Nxe2 27. Nxe2
Rbc8 28. Bc7 Bb5 29. Ke3 0-1

[Event "Staatsliga B/West"]
[Site "Jenbach"]
[Date "1998.11.28"]
[Round "3.1"]
[White "Stangl, Markus"]
[Black "Doskocil, Klaus"]
[Result "1-0"]
[WhiteElo "2545"]
[BlackElo "2180"]
[PlyCount "58"]
[EventDate "1998.10.17"]

1. Nf3 Nf6 2. c4 d6 3. g3 g6 4. Bg2 Bg7 5. O-O O-O 6. d4 Nbd7 7. Nc3 Re8 8. e4
e5 9. h3 exd4 10. Nxd4 Nc5 11. Re1 a5 12. Ndb5 Bd7 13. Bg5 h6 14. Bf4 Bxb5 15.
cxb5 Qd7 16. Qc2 Rad8 17. Rad1 Nh5 18. Be3 Ne6 19. e5 Bxe5 20. Bxb7 Ng5 21.
Bxg5 hxg5 22. Bc6 Qxh3 23. Bxe8 Rxe8 24. Ne4 Kg7 25. Qxc7 Qg4 26. Nxd6 Bxd6 27.
Qxd6 Rh8 28. Qd4+ Nf6 29. Qxg4 Nxg4 1-0

[Event "Staatsliga B/West"]
[Site "Jenbach"]
[Date "1998.11.28"]
[Round "3.2"]
[White "Sucher, Johannes"]
[Black "Reich, Thomas"]
[Result "0-1"]
[WhiteElo "2205"]
[BlackElo "2385"]
[PlyCount "72"]
[EventDate "1998.10.17"]

1. e4 c5 2. Nf3 Nc6 3. d4 cxd4 4. Nxd4 g6 5. Nc3 Bg7 6. Be3 Nf6 7. Bc4 O-O 8.
f3 e6 9. Qd2 d5 10. exd5 Nxd5 11. Bxd5 exd5 12. O-O-O Re8 13. Nb3 Be6 14. Bh6
Rc8 15. h4 Bh8 16. h5 Ne5 17. hxg6 fxg6 18. Bg5 Qd7 19. Nd4 Bf7 20. Qf4 Rxc3
21. bxc3 Qd6 22. Nb5 Qc6 23. Qb4 Bg7 24. Nd4 Qa6 25. a4 Rc8 26. Qb5 Qd6 27. Qb4
Qc7 28. Qb3 Nc4 29. Rh4 b6 30. Nb5 Qg3 31. Rg4 Qf2 32. Bd2 Nxd2 33. Rxd2 Bh6
34. Rgd4 Qe1+ 35. Kb2 Bxd2 36. Nd6 Bxc3+ 0-1

[Event "Staatsliga B/West"]
[Site "Jenbach"]
[Date "1998.11.28"]
[Round "3.3"]
[White "Micheli, Carlo"]
[Black "Bezler, Rainer"]
[Result "1-0"]
[WhiteElo "2250"]
[BlackElo "2225"]
[PlyCount "77"]
[EventDate "1998.10.17"]

1. e4 c5 2. Nf3 d6 3. c3 Nf6 4. Be2 Nc6 5. d3 g6 6. O-O Bg7 7. Nbd2 O-O 8. Ne1
d5 9. f4 dxe4 10. dxe4 b6 11. Nc2 Bb7 12. Ne3 Qd7 13. e5 Nd5 14. Ndc4 Rad8 15.
Bg4 Nxe3 16. Bxe3 Qxd1 17. Rfxd1 g5 18. Re1 Ba6 19. Be2 Nd4 20. cxd4 cxd4 21.
Bd2 d3 22. b3 dxe2 23. Rxe2 gxf4 24. Rf1 Rd4 25. Bc3 Rxc4 26. bxc4 Bxc4 27. Re4
Bxf1 28. Kxf1 Rc8 29. Bb4 Rc1+ 30. Kf2 Rc2+ 31. Kf3 Bf8 32. a4 Ra2 33. Be1 Bh6
34. Bh4 Kf8 35. Rc4 Ra3+ 36. Kg4 f5+ 37. Kxf5 f3 38. Rc8+ Kg7 39. Bxe7 1-0

[Event "Staatsliga B/West"]
[Site "Jenbach"]
[Date "1998.11.29"]
[Round "4.2"]
[White "Sucher, Johannes"]
[Black "Fuchs, Georg"]
[Result "1/2-1/2"]
[WhiteElo "2205"]
[BlackElo "2180"]
[PlyCount "106"]
[EventDate "1998.10.17"]

1. e4 e5 2. Nf3 Nf6 3. Nc3 Nc6 4. d4 exd4 5. Nd5 Be7 6. Bc4 d6 7. O-O Bg4 8.
Qd3 O-O 9. Nxd4 Ne5 10. Qb3 c5 11. Nf5 Bxf5 12. exf5 Rb8 13. Bf4 b5 14. Be2 c4
15. Nxe7+ Qxe7 16. Qg3 Ne4 17. Qe3 Nf6 18. Rad1 Rfe8 19. Rfe1 Qd7 20. Qh3 Rbd8
21. Bg5 d5 22. c3 Nc6 23. Bf3 Re5 24. g4 Rxe1+ 25. Rxe1 d4 26. Qg2 Ne7 27. cxd4
Qxd4 28. Rxe7 Qxb2 29. Rxa7 c3 30. Qf1 c2 31. Bc1 Qd4 32. Be3 Qd1 33. Bxd1
cxd1=Q 34. Qxd1 Rxd1+ 35. Kg2 h6 36. h3 Nd5 37. Ra5 b4 38. Rb5 f6 39. Bc5 Rd2
40. Bxb4 Nxb4 41. Rxb4 Rxa2 42. Rb3 Kf7 43. Kg3 Ra1 44. Kh4 Rf1 45. Rb7+ Kg8
46. Rb2 Rg1 47. Kh5 Kh7 48. Rb3 Rf1 49. Rf3 Rh1 50. Rg3 Rh2 51. Rf3 Rg2 52. h4
Rh2 53. Rf4 Rg2 1/2-1/2

[Event "Staatsliga B/West"]
[Site "Jenbach"]
[Date "1998.11.29"]
[Round "4.3"]
[White "Ferrari, Josef"]
[Black "Bezler, Rainer"]
[Result "0-1"]
[WhiteElo "2125"]
[BlackElo "2225"]
[PlyCount "107"]
[EventDate "1998.10.17"]

1. c4 Nf6 2. Nc3 g6 3. e4 Bg7 4. d4 d6 5. f3 O-O 6. Be3 Nc6 7. Nge2 a6 8. Qd2
Rb8 9. g4 b5 10. h4 h5 11. Nd5 e5 12. gxh5 Nxh5 13. O-O-O bxc4 14. Bg5 f6 15.
Bh6 Kh7 16. Bxg7 Kxg7 17. Rg1 Ne7 18. Ne3 Be6 19. d5 Bd7 20. Nxc4 Rh8 21. f4
Bb5 22. fxe5 dxe5 23. Qc3 Bxc4 24. Qxc4 Qd6 25. a3 Qb6 26. Qc3 Rb7 27. Rd2 Qf2
28. Qh3 Nf4 29. Qg3 Qxg3 30. Nxg3 a5 31. Rh1 Rb3 32. Ne2 Re3 33. Nc3 g5 34. d6
cxd6 35. Rxd6 Rxh4 36. Rxh4 gxh4 37. Rd7 Kf8 38. Rd8+ Kf7 39. Bc4+ Kg6 40. Rd7
Nc6 41. Bf7+ Kg5 42. Bd5 h3 43. Nd1 h2 44. Nxe3 h1=Q+ 45. Kd2 Qh2+ 46. Kc3
Nxd5+ 47. exd5 Nd4 48. d6 Qe2 49. Rg7+ Kh6 50. Rg3 Qe1+ 51. Kc4 Qxg3 52. d7
Qg8+ 53. Kc5 Qf8+ 54. Kc4 0-1

[Event "Staatsliga B/West"]
[Site "Jenbach"]
[Date "1998.11.29"]
[Round "4.4"]
[White "Maier, Peter"]
[Black "Angerer, Helmut"]
[Result "1/2-1/2"]
[WhiteElo "2085"]
[BlackElo "2095"]
[PlyCount "135"]
[EventDate "1998.10.17"]

1. Nf3 b6 2. g3 Bb7 3. Bg2 c5 4. O-O Nf6 5. d3 g6 6. e4 Bg7 7. Re1 Nc6 8. c3
O-O 9. Nbd2 e6 10. e5 Ng4 11. Nc4 d5 12. exd6 b5 13. Na3 a6 14. Ng5 Nf6 15. Ne4
Nd7 16. Qe2 Rb8 17. Be3 b4 18. Nc4 bxc3 19. bxc3 Na5 20. Bg5 f6 21. Nxa5 Qxa5
22. Bd2 Rfe8 23. Rab1 Bxe4 24. Rxb8 Nxb8 25. Bxe4 Qb6 26. Bd5 Qxd6 27. Bxe6+
Kh8 28. Bf4 Qb6 29. Qd2 Rxe6 30. Rxe6 Qxe6 31. Bxb8 h5 32. Bf4 f5 33. Be3 Qd5
34. h4 Be5 35. d4 Bd6 36. dxc5 Qxd2 37. Bxd2 Bxc5 38. Kg2 Kg7 39. Kf3 Kf6 40.
Ke2 Ke5 41. Be3 Be7 42. Kd3 Kd5 43. c4+ Kc6 44. Bd4 Ba3 45. Ke3 Bd6 46. Kf3 Bc7
47. Be3 Be5 48. Ke2 Bg7 49. Bd2 Be5 50. Kd3 Bf6 51. Kc2 Be5 52. Kb3 Bc7 53. Ka4
Bb6 54. f3 Bd8 55. Be3 Bc7 56. Bf2 Bd8 57. Kb3 Ba5 58. Kc2 Bc7 59. Kd3 Bd6 60.
Be1 Be5 61. Bf2 Bd6 62. Ke2 Be7 63. Kf1 Bc5 64. Be1 Be7 65. Ke2 Kc5 66. Kd3 Bd6
67. f4 Be7 68. Bc3 1/2-1/2

[Event "Staatsliga B/West"]
[Site "Jenbach"]
[Date "1998.11.29"]
[Round "4.5"]
[White "Fuerlinger, Harald"]
[Black "Kleiser, Gregor"]
[Result "0-1"]
[WhiteElo "2150"]
[BlackElo "2150"]
[PlyCount "40"]
[EventDate "1998.10.17"]

1. Nf3 Nf6 2. g3 b5 3. Bg2 Bb7 4. O-O e6 5. d4 c5 6. c4 bxc4 7. Qa4 cxd4 8.
Nxd4 Bxg2 9. Kxg2 Be7 10. Qxc4 O-O 11. Nc3 d5 12. Qa4 Qb6 13. h3 Rc8 14. Nb3
Nbd7 15. Bg5 a5 16. Qd4 a4 17. Qxb6 Nxb6 18. Nd4 h6 19. Bxf6 Bxf6 20. Ndb5 a3
0-1

[Event "Staatsliga B/West"]
[Site "Jenbach"]
[Date "1998.11.29"]
[Round "4.2"]
[White "Reich, Thomas"]
[Black "Poettinger, Harald"]
[Result "1-0"]
[WhiteElo "2385"]
[BlackElo "2270"]
[PlyCount "109"]
[EventDate "1998.10.17"]

1. c4 e6 2. e4 d5 3. exd5 exd5 4. d4 Bb4+ 5. Nc3 Nf6 6. Bd3 O-O 7. Nge2 Nc6 8.
h3 dxc4 9. Bxc4 Nd5 10. O-O Be6 11. Bb3 Re8 12. Bd2 h6 13. Rc1 Bf8 14. Nxd5
Bxd5 15. Be3 a6 16. Bxd5 Qxd5 17. Nc3 Qd7 18. Qf3 Rad8 19. Rfd1 Na5 20. b3 Nc6
21. d5 Ne5 22. Qg3 Ng6 23. Bf4 Nxf4 24. Qxf4 Bd6 25. Qf3 Re5 26. Rc2 Rde8 27.
Re2 Rxe2 28. Nxe2 Qe7 29. Kf1 Qe5 30. Nd4 g6 31. g3 Qe4 32. Qxe4 Rxe4 33. Rd3
Kg7 34. Nf3 Kf6 35. Nd2 Re8 36. Rf3+ Ke7 37. g4 Rd8 38. Nc4 b6 39. h4 Bc5 40.
Ne5 Rxd5 41. Nxf7 h5 42. Nh8 hxg4 43. Nxg6+ Kd7 44. Rf4 Rd4 45. Ne5+ Ke6 46.
Rxd4 Bxd4 47. Nxg4 Kf5 48. f3 c5 49. Ke2 Kf4 50. h5 b5 51. h6 c4 52. bxc4 bxc4
53. h7 Kg5 54. Ne3 Kg6 55. Nxc4 1-0

[Event "Staatsliga B/West"]
[Site "Jenbach"]
[Date "1998.11.29"]
[Round "4.3"]
[White "Amann, Harald"]
[Black "Micheli, Carlo"]
[Result "0-1"]
[WhiteElo "2225"]
[BlackElo "2250"]
[PlyCount "63"]
[EventDate "1998.10.17"]

1. d4 d6 2. c4 e5 3. d5 f5 4. Nc3 Nf6 5. Bg5 Be7 6. Nf3 Na6 7. b4 O-O 8. Qb3
Kh8 9. O-O-O Ng4 10. Be3 e4 11. Nd4 Bg5 12. Bxg5 Qxg5+ 13. Rd2 Nxf2 14. Rg1 Qe3
15. Nc2 Nd3+ 16. exd3 Qxg1 17. Rd1 exd3 18. Bxd3 Qxg2 19. Nd4 c5 20. dxc6 bxc6
21. Be2 Rb8 22. a3 c5 23. Ndb5 cxb4 24. axb4 Bd7 25. Rxd6 Bxb5 26. cxb5 Nc7 27.
Qc4 Ne8 28. Rc6 Nf6 29. Bd3 Rbd8 30. b6 axb6 31. b5 Ng4 32. Nd1 0-1

[Event "Staatsliga B/West"]
[Site "Jenbach"]
[Date "1998.11.29"]
[Round "4.4"]
[White "Hoellrigl, Wilfried"]
[Black "Dorner, Guenther"]
[Result "1-0"]
[WhiteElo "2215"]
[BlackElo "2085"]
[PlyCount "35"]
[EventDate "1998.10.17"]

1. e4 c5 2. c3 d5 3. exd5 Qxd5 4. d4 Nc6 5. Nf3 Bg4 6. Be2 O-O-O 7. O-O cxd4 8.
cxd4 Bxf3 9. Bxf3 Qxd4 10. Qb3 e6 11. Bxc6 bxc6 12. Be3 Qb4 13. Qc2 Kb7 14. Nc3
Qc4 15. Rfd1 Bd6 16. g3 Nf6 17. Rd4 Qa6 18. Ra4 1-0

[Event "Staatsliga B/West"]
[Site "Jenbach"]
[Date "1998.11.29"]
[Round "4.5"]
[White "Heilinger, Dietmar"]
[Black "Blaas, Hansjoerg"]
[Result "1/2-1/2"]
[WhiteElo "2180"]
[BlackElo "2210"]
[PlyCount "21"]
[EventDate "1998.10.17"]

1. Nf3 d5 2. d4 f5 3. e3 Nf6 4. Bd3 e6 5. O-O Bd6 6. b3 Nbd7 7. Bb2 O-O 8. Qe2
c6 9. Ne5 Qc7 10. f4 Ne4 11. Nd2 1/2-1/2

[Event "Staatsliga B/West"]
[Site "Jenbach"]
[Date "1998.11.29"]
[Round "4.1"]
[White "Pilz, Dieter"]
[Black "Dir, Ulrich"]
[Result "1/2-1/2"]
[WhiteElo "2260"]
[BlackElo "2275"]
[PlyCount "42"]
[EventDate "1998.10.17"]

1. e4 e6 2. d4 d5 3. Nc3 Bb4 4. Bd3 c5 5. a3 Bxc3+ 6. bxc3 Nc6 7. exd5 Qxd5 8.
Nf3 Bd7 9. O-O cxd4 10. cxd4 Nxd4 11. Nxd4 Qxd4 12. Rb1 Qd5 13. Rb4 Nf6 14. Bb2
Bc6 15. f3 Qg5 16. Re1 Qc5+ 17. Kh1 Rd8 18. Qe2 h5 19. Rc4 Qb6 20. Rb4 Qc5 21.
Rc4 Qb6 1/2-1/2

[Event "Staatsliga B/West"]
[Site "Jenbach"]
[Date "1998.11.29"]
[Round "4.2"]
[White "Steudel, Karl"]
[Black "Netolitzky, Gregor"]
[Result "0-1"]
[WhiteElo "2260"]
[BlackElo "2215"]
[PlyCount "80"]
[EventDate "1998.10.17"]

1. e4 e6 2. d4 d5 3. e5 c5 4. c3 Nc6 5. Nf3 Qb6 6. a3 Nh6 7. b4 cxd4 8. cxd4
Nf5 9. Bb2 Bd7 10. g4 Nh6 11. h3 f6 12. exf6 gxf6 13. Nc3 Qd8 14. Bd3 Bd6 15.
Qe2 Qe7 16. Rc1 Nf7 17. Rc2 h5 18. gxh5 Rxh5 19. Nb5 Bf4 20. Bc1 Bxc1 21. Rxc1
Rc8 22. Rg1 Kf8 23. h4 a6 24. Ng5 Rxg5 25. hxg5 fxg5 26. Nc3 Nxd4 27. Qd1 Qf6
28. Rg3 Bc6 29. b5 axb5 30. Nxb5 Nf5 31. Bxf5 exf5 32. Nd4 f4 33. Rgc3 Re8+ 34.
Kf1 Bd7 35. Qd2 Re4 36. Nf3 Bc6 37. Re1 Qh6 38. Rxe4 dxe4 39. Ng1 Qh1 40. Qb2
f3 0-1

[Event "Staatsliga B/West"]
[Site "Jenbach"]
[Date "1998.11.29"]
[Round "4.3"]
[White "Fischler, Wolfgang"]
[Black "Schmidlechner, Alexander"]
[Result "1/2-1/2"]
[WhiteElo "2275"]
[BlackElo "2155"]
[PlyCount "73"]
[EventDate "1998.10.17"]

1. e4 c5 2. Nf3 Nc6 3. d4 cxd4 4. Nxd4 Nf6 5. Nc3 e5 6. Ndb5 d6 7. Bg5 a6 8.
Na3 b5 9. Bxf6 gxf6 10. Nd5 Bg7 11. c3 O-O 12. Nc2 f5 13. exf5 Bxf5 14. Nce3
Be6 15. Bd3 f5 16. Qh5 e4 17. Bc2 Ne5 18. O-O Ra7 19. Nf4 Bc4 20. Rfd1 Qf6 21.
b3 Ng6 22. Nh3 Be6 23. Rxd6 Qxc3 24. Rf1 Bc8 25. Bb1 Be5 26. Rdd1 Nf4 27. Nxf4
Bxf4 28. Nd5 Qe5 29. Nxf4 Qxf4 30. Rde1 Rc7 31. Re3 Kh8 32. Rd1 Be6 33. Rg3 Rc1
34. Re3 Qc7 35. Ree1 Rc6 36. Qe2 Qf4 37. Qd2 1/2-1/2